000 00318nam a2200133 i 4500
001 bg
245 0 _aAtomnye i molekuljarnye processy /
_cpod red. D. Bejtsa.
260 _aMoskva,
_c1964.
040 _cBPK
041 _apol
080 _a539.18/.19:533.9
942 _cKS
008 s pl f |000 0 pol
999 _c12652
_d12652
856 _uhttp://koha.tu.koszalin.pl/cgi-bin/koha/opac-detail.pl?biblionumber=12652
_yKatalog online BPK